Представление документа в формате MARC21

Поле Инд. ПП Название Значение
Тип записи a
Библиографический уровень m
001 Контрольный номер b0d320e83ddb4736b538b99985770b90
005 Дата корректировки 20260608104717.0
040 a Служба первич. каталог. 10013504
b Код языка каталог. rus
e Правила каталог. PSBO
041 0_ a Код языка текста rus
084 a Индекс другой классификации/Индекс ББК доп.
090 a Полочн. индекс А181
x Авторский знак К 893
r Идентификатор организации 10013504
100 1_ a Автор Кузьмина С.И.
245 10 a Заглавие Исследование трансзвукового обтекания колеблющегося профиля с элероном
b Продолж. заглавия автореферат диссертации ... кандидата технических наук : специальность 05.07.03 - Строительная механика и прочность летательных аппаратов
c Ответственность науч. рук. В.Г. Буньков; Московский физико-технический институт
260 a Место издания Москва
c Дата издания 1975
300 a Объем 22 с.
b Иллюстрации/ тип воспроизводства ил.
653 0_ a Ключевые слова АВТОРЕФЕРАТЫ
700 12 a Другие авторы Буньков В.Г.
e Роль лиц Научный руководитель
901 t Тип документа r
952 d Специальность 05.07.03 Строительная механика и прочность летательных аппаратов
a Тип литературы для КСУ ВШ БАНР
c Вид литературы автореферат